| 000 | 01316nam a2200241Ia 4500 | ||
|---|---|---|---|
| 003 | Ost | ||
| 005 | 20260507075802.0 | ||
| 008 | 260507s9999||||xx |||||||||||||| ||und|| | ||
| 020 | _a9789931265184 | ||
| 040 | _cfsecg | ||
| 041 | _aara | ||
| 082 | _a338.476151 | ||
| 100 |
_aلحول، سامية _eمؤلف |
||
| 245 | 0 |
_aتنافسية صناعة الدواء : _bالجزائر نموذجا / _c سامية لحول |
|
| 260 |
_aالجزائر : _bدار قانة للنشر والتوزيع , _c2023 |
||
| 300 |
_a218 صفحة؛ _bإيضاحات ؛ _c24 سم |
||
| 504 | _aبيبليوغرافيا: ص ص208-218 | ||
| 520 | _aالتنافسية كإطار جديد للتعامل، صناعة الدواء في ظل أوضاعها المحيطة بالسوق العالمي والجزائري، محددات الميزة التنافسية لصناعة الدواء في الجزائر باستخدام النموذج الماسي، تنافسية صناعة الدواء في الجزائر وفرص الاندماج العالمي، تنافسية مجمع صيدال لصناعة الدواء والعوامل المؤثرة فيها. | ||
| 653 | _aالأدوية | ||
| 653 | _aالاستراتيجية التنافسية | ||
| 653 | _aالصناعات الكيميائية | ||
| 942 | _cكتاب | ||
| 999 |
_c46296 _d46296 |
||